| 000 | 00539nam a22001577a 4500 | ||
|---|---|---|---|
| 003 | OSt | ||
| 005 | 20150908163956.0 | ||
| 008 | 150908b xxu||||| |||| 00| 0 eng d | ||
| 040 | _cRUA | ||
| 082 | _aAGR ឡេង 1993 B006 Or.1 | ||
| 100 |
_9172 _aឡេង ប៉ូ |
||
| 245 | _aជំងឺ និងវិធីព្យាបាលសត្វចង្រៃ និងវិធានការកំចាត់លើដំណាំកៅស៊ូ | ||
| 260 |
_aPhnom Penh _bRUA _c1993 |
||
| 300 |
_a74p. _bill. _c29cm. |
||
| 942 |
_2ddc _cAGR |
||
| 999 |
_c153 _d153 |
||